Normal view
MARC view
- Agnihotri, Gayatri Singh, Krishna
Entry Personal Name
001 - CONTROL NUMBER
- control field: 80553
003 - CONTROL NUMBER IDENTIFIER
- control field: NUST
005 - DATE AND TIME OF LATEST TRANSACTION
- control field: 20210628210704.0
008 - FIXED-LENGTH DATA ELEMENTS
- fixed length control field: 210628|| aca||aabn | a|a d
040 ## - CATALOGING SOURCE
- Original cataloging agency: NUST
- Transcribing agency: NUST
100 ## - HEADING--PERSONAL NAME
- Personal name: Agnihotri, Gayatri Singh, Krishna
670 ## - SOURCE DATA FOUND
- Source citation: Work cat.: (NUST): Agnihotri, Gayatri Singh, Krishna, System design through matlab, control toolbox and simulink, 2001
